[Event "OPEN A - XVII MIEDZYNARODOWY FESTIWAL SZ"]
[Site "Rewal"]
[Date "2012.??.??"]
[Round "1.1"]
[White "Cyborowski, Lukasz"]
[Black "Kasparova, Tatiana"]
[Result "1-0"]
[WhiteElo "2546"]
[BlackElo "2109"]
[PlyCount "61"]
[EventDate "2012.??.??"]

1. c4 c5 2. Nf3 Nf6 3. Nc3 b6 4. d4 cxd4 5. Nxd4 Bb7 6. f3 e6 7. e4 d6 8. Be3
Be7 9. Be2 O-O 10. O-O a6 11. Qd2 Nbd7 12. a4 Rc8 13. a5 bxa5 14. Nb3 Qc7 15.
Nxa5 Ba8 16. Rfd1 Rfd8 17. Bd4 Rb8 18. Rdc1 Ne5 19. b4 Ned7 20. Nd5 exd5 21.
cxd5 Nc5 22. bxc5 dxc5 23. Bf2 Bd6 24. g3 Be5 25. Ra2 Nxd5 26. exd5 Bxd5 27.
Rxc5 Bxa2 28. Qxa2 Rb2 29. Qc4 Qd6 30. Nc6 Re8 31. Nxe5 1-0

[Event "OPEN A - XVII MIEDZYNARODOWY FESTIWAL SZ"]
[Site "Rewal"]
[Date "2012.??.??"]
[Round "1.2"]
[White "Siedlinski, Piotr"]
[Black "Malaniuk, Vladimir P"]
[Result "0-1"]
[WhiteElo "2092"]
[BlackElo "2523"]
[PlyCount "58"]
[EventDate "2012.??.??"]

1. e4 e5 2. Nc3 Nf6 3. f4 d5 4. fxe5 Nxe4 5. d3 Nxc3 6. bxc3 d4 7. Nf3 Nc6 8.
cxd4 Bb4+ 9. Bd2 Bxd2+ 10. Qxd2 Nxd4 11. c3 Nxf3+ 12. gxf3 O-O 13. d4 c5 14.
Bc4 Be6 15. Bb3 cxd4 16. cxd4 Bxb3 17. axb3 f6 18. Qe3 fxe5 19. dxe5 Qh4+ 20.
Kf1 Rf5 21. Ra4 Qh3+ 22. Kf2 Raf8 23. f4 Qg4 24. Rg1 Rxf4+ 25. Ke1 Qh4+ 26. Qg3
Rxa4 27. bxa4 Qe4+ 28. Kd2 Rd8+ 29. Kc3 Rc8+ 0-1

[Event "OPEN A - XVII MIEDZYNARODOWY FESTIWAL SZ"]
[Site "Rewal"]
[Date "2012.??.??"]
[Round "1.3"]
[White "Warakomski, Tomasz"]
[Black "Zochowski, Kacper"]
[Result "1-0"]
[WhiteElo "2491"]
[BlackElo "2073"]
[PlyCount "62"]
[EventDate "2012.??.??"]

1. e4 c5 2. Nf3 d6 3. c3 Nf6 4. Bd3 g6 5. O-O Bg7 6. Re1 e5 7. Bb5+ Nbd7 8. d4
O-O 9. Bg5 Qc7 10. dxe5 dxe5 11. a4 a6 12. Bf1 b6 13. Nbd2 Bb7 14. Bc4 h6 15.
Bh4 Rfe8 16. Qb3 Nf8 17. Bxf6 Bxf6 18. Nf1 Ne6 19. Ne3 Nf4 20. g3 Nh3+ 21. Kg2
Bxe4 22. Bd5 Bxf3+ 23. Bxf3 e4 24. Bg4 Ng5 25. Rad1 Rad8 26. Nd5 Qe5 27. Nxb6
Nf3 28. Bxf3 exf3+ 29. Kxf3 Qxe1 30. Rxe1 Rxe1 31. Nd5 Bg7 1-0

[Event "OPEN A - XVII MIEDZYNARODOWY FESTIWAL SZ"]
[Site "Rewal"]
[Date "2012.??.??"]
[Round "1.4"]
[White "Paszewski, Mateusz"]
[Black "Kasparov, Sergey"]
[Result "0-1"]
[WhiteElo "2066"]
[BlackElo "2490"]
[PlyCount "94"]
[EventDate "2012.??.??"]

1. c4 c6 2. g3 d5 3. Bg2 Nf6 4. Nf3 Bg4 5. b3 e6 6. Bb2 Nbd7 7. O-O Bd6 8. d3
Qe7 9. e3 h6 10. Qc2 O-O 11. Nc3 Ba3 12. Rac1 Bxb2 13. Qxb2 Qd6 14. d4 Bf5 15.
Rfd1 Rfe8 16. Rd2 Ne4 17. Nxe4 Bxe4 18. Rdd1 Rad8 19. Qc3 a6 20. h3 Qe7 21. Nd2
Bxg2 22. Kxg2 Nf6 23. Nf3 Ne4 24. Qe1 Qf6 25. Qe2 g5 26. Ne5 Qg7 27. Qf3 f6 28.
Nd3 Qg6 29. a4 a5 30. Qe2 h5 31. c5 e5 32. dxe5 fxe5 33. Qb2 Qe6 34. Qe2 Nf6
35. Rd2 Rd7 36. Rcd1 Rf7 37. Qe1 g4 38. h4 Ne4 39. Rc2 Qf5 40. Qe2 Ref8 41. Rb1
Qh7 42. b4 Rxf2+ 43. Nxf2 Rxf2+ 44. Qxf2 Nxf2 45. Rxf2 Qd3 46. Rbb2 Qe4+ 47.
Kh2 axb4 0-1

[Event "OPEN A - XVII MIEDZYNARODOWY FESTIWAL SZ"]
[Site "Rewal"]
[Date "2012.??.??"]
[Round "1.5"]
[White "Sieciechowicz, Marcin"]
[Black "Golek, Jagoda"]
[Result "1-0"]
[WhiteElo "2441"]
[BlackElo "2061"]
[PlyCount "127"]
[EventDate "2012.??.??"]

1. d4 Nf6 2. c4 g6 3. Nc3 d5 4. cxd5 Nxd5 5. e4 Nxc3 6. bxc3 Bg7 7. Bc4 c5 8.
Ne2 O-O 9. O-O Nc6 10. Be3 Na5 11. Bd3 cxd4 12. cxd4 Be6 13. Rc1 b6 14. d5 Bd7
15. Qd2 e6 16. Bg5 f6 17. Bh4 Qe7 18. Ba6 Qd6 19. Rfd1 Bc8 20. Bb5 e5 21. Qc3
Bb7 22. Qc7 Qb4 23. Bd3 Rf7 24. Qc3 Qd6 25. Qb2 Rc8 26. Rxc8+ Bxc8 27. Nc3 Bf8
28. Nb5 Qd7 29. Rc1 Bc5 30. Qd2 Qd8 31. h3 Ba6 32. Rc2 Bxb5 33. Bxb5 Rc7 34.
Kh1 Qd6 35. Be2 Nb7 36. Qd3 Kg7 37. Qb5 h5 38. Bg3 Nd8 39. Qd3 Nf7 40. Rc4 Rc8
41. Rc1 Rh8 42. h4 Rc8 43. Rc4 Qd7 44. Rc2 Bd6 45. Qd2 Rc5 46. Rxc5 Bxc5 47.
Qc2 Qd6 48. Qa4 Qe7 49. Qa6 Bd4 50. Qd3 Qc5 51. f3 Qc1+ 52. Qd1 Qa3 53. Qc2 Qe3
54. Qd1 Qa3 55. Qb1 Qe3 56. Bd3 g5 57. Kh2 Qd2 58. Qc2 Qe3 59. Qd1 Bc5 60. Bb5
Nd6 61. Bd7 Qa3 62. hxg5 fxg5 63. Bxe5+ Kh6 64. Bf6 1-0

[Event "OPEN A - XVII MIEDZYNARODOWY FESTIWAL SZ"]
[Site "Rewal"]
[Date "2012.??.??"]
[Round "1.6"]
[White "Jalowiec, Halina"]
[Black "Orzech, Dominik"]
[Result "1-0"]
[WhiteElo "2046"]
[BlackElo "2407"]
[Annotator "Maciej"]
[PlyCount "62"]
[EventDate "2012.??.??"]

1. e4 Nf6 2. e5 Nd5 3. c4 Nb6 4. d4 d6 5. Nf3 g6 6. Be3 Bg7 7. Nc3 O-O 8. Qd2
Nc6 9. exd6 cxd6 10. Be2 Bg4 11. b3 d5 12. c5 Nc8 13. h3 Bxf3 14. Bxf3 e6 15.
Ne2 N8e7 16. g4 b6 17. Rc1 bxc5 18. Rxc5 Qb6 19. O-O Rac8 20. Rfc1 Rfd8 21. Bg2
Rc7 22. Bg5 Rdc8 23. b4 a6 24. a3 Kf8 25. Bf4 Rd7 26. a4 Ra8 27. b5 axb5 28.
axb5 Na5 29. Qb4 f6 30. Bc7 Qa7 31. Nf4 Nb7 {Zapis nieczytelny} 1-0

[Event "OPEN A - XVII MIEDZYNARODOWY FESTIWAL SZ"]
[Site "Rewal"]
[Date "2012.??.??"]
[Round "1.7"]
[White "Weichhold, Pawel"]
[Black "Kasperek, Joanna"]
[Result "0-1"]
[WhiteElo "2365"]
[BlackElo "2018"]
[PlyCount "96"]
[EventDate "2012.??.??"]

1. e4 c5 2. Nf3 e6 3. d4 cxd4 4. Nxd4 a6 5. Nc3 b5 6. Bd3 d6 7. O-O Nf6 8. Qe2
Be7 9. a4 b4 10. Na2 Qb6 11. Be3 Qb7 12. Bd2 Qb6 13. Nb3 Nc6 14. a5 Qb7 15. f4
e5 16. f5 h5 17. Bc4 Rb8 18. Kh1 h4 19. Bd5 h3 20. g3 Nxd5 21. exd5 Nxa5 22.
Nxb4 Nxb3 23. cxb3 Ra8 24. Qc4 Qb6 25. Qc6+ Qxc6 26. dxc6 O-O 27. Nd5 Bf6 28.
g4 e4 29. Nxf6+ gxf6 30. Bb4 Rd8 31. Ba5 Re8 32. Rfe1 e3 33. Rad1 Rb8 34. b4
Rb5 35. Rxd6 Rbe5 36. b5 axb5 37. Bc3 Re4 38. Rxf6 b4 39. Bxb4 Rxb4 40. Rh6
Rxg4 41. Rh5 e2 42. b4 Ba6 43. Rxh3 Bc4 44. Rg3 Rxg3 45. hxg3 Bd5+ 46. Kg1 Bxc6
47. Kf2 Bb5 48. Rh1 Re5 0-1

[Event "OPEN A - XVII MIEDZYNARODOWY FESTIWAL SZ"]
[Site "Rewal"]
[Date "2012.??.??"]
[Round "1.8"]
[White "Poswiatowski, Michal"]
[Black "Klim, Kamil"]
[Result "0-1"]
[WhiteElo "2008"]
[BlackElo "2357"]
[PlyCount "49"]
[EventDate "2012.??.??"]

1. e4 c5 2. Nf3 Nc6 3. d4 cxd4 4. Nxd4 Nf6 5. Nc3 d6 6. Be2 g6 7. O-O Bg7 8.
Be3 O-O 9. Kh1 Bd7 10. Qd2 Rc8 11. f4 a6 12. a4 Na5 13. e5 Ne8 14. Rad1 dxe5
15. fxe5 Bxe5 16. Ne6 fxe6 17. Qxd7 Qxd7 18. Rxd7 Rxf1+ 19. Bxf1 Kf7 20. Ne4
Nd6 21. Nxd6+ Bxd6 22. Bb6 Rxc2 23. Bxa5 Rc1 24. g3 Rxf1+ 25. Kg2 0-1

[Event "OPEN A - XVII MIEDZYNARODOWY FESTIWAL SZ"]
[Site "Rewal"]
[Date "2012.??.??"]
[Round "1.9"]
[White "Klekowski, Maciej"]
[Black "Kamieniecki, Tomasz"]
[Result "1-0"]
[WhiteElo "2314"]
[BlackElo "1992"]
[PlyCount "49"]
[EventDate "2012.??.??"]

1. c4 Nf6 2. Nf3 g6 3. b3 Bg7 4. Bb2 O-O 5. g3 d6 6. Bg2 Nc6 7. O-O a6 8. d3 e5
9. Qc1 h6 10. d4 Nd7 11. dxe5 Ndxe5 12. Nxe5 Nxe5 13. Rd1 Bg4 14. Nc3 Qc8 15.
Rd2 Bh3 16. Nd5 Kh7 17. c5 Bxg2 18. Kxg2 dxc5 19. Qxc5 Nc6 20. Nf6+ Kh8 21. Rd7
Qxd7 22. Nxd7 Bxb2 23. Rb1 Bd4 24. Qxf8+ Rxf8 25. Nxf8 1-0

[Event "OPEN A - XVII MIEDZYNARODOWY FESTIWAL SZ"]
[Site "Rewal"]
[Date "2012.??.??"]
[Round "1.10"]
[White "Andrzejewska, Anna"]
[Black "Skawinski, Arkadiusz"]
[Result "0-1"]
[WhiteElo "1990"]
[BlackElo "2311"]
[PlyCount "48"]
[EventDate "2012.??.??"]

1. e4 e6 2. d4 d5 3. Nc3 Bb4 4. e5 c5 5. Bd2 Ne7 6. Nb5 Bxd2+ 7. Qxd2 O-O 8.
dxc5 Nbc6 9. Nf3 b6 10. cxb6 Qxb6 11. Bd3 f6 12. exf6 Rxf6 13. c4 Ba6 14. a4
Rd8 15. Qc3 Ng6 16. Bxg6 Rxg6 17. O-O d4 18. Qd2 Qc5 19. b3 Bb7 20. Kh1 a6 21.
Na3 Qh5 22. Rad1 Ne5 23. Ne1 Nf3 24. Nxf3 Qxf3 0-1

[Event "OPEN A - XVII MIEDZYNARODOWY FESTIWAL SZ"]
[Site "Rewal"]
[Date "2012.??.??"]
[Round "1.11"]
[White "Lewtak, Damian"]
[Black "Puczylowski, Marcin"]
[Result "1-0"]
[WhiteElo "2269"]
[BlackElo "1984"]
[PlyCount "97"]
[EventDate "2012.??.??"]

1. Nf3 d6 2. e4 c5 3. d4 cxd4 4. Qxd4 a6 5. Be3 Nc6 6. Qb6 Qxb6 7. Bxb6 g6 8.
Nc3 Nf6 9. O-O-O Be6 10. Nd5 Bxd5 11. exd5 Nb8 12. Bc4 Nbd7 13. Bd4 Rc8 14. Bb3
Bg7 15. Rhe1 Nc5 16. Kb1 Rc7 17. c3 Nxb3 18. axb3 b5 19. b4 O-O 20. Bxf6 Bxf6
21. Nd2 Be5 22. g3 Re8 23. Nb3 g5 24. Nd2 Kf8 25. Kc2 h6 26. Ra1 Ra8 27. Ra5 e6
28. Rea1 exd5 29. Rxb5 d4 30. c4 axb5 31. Rxa8+ Ke7 32. Kd3 bxc4+ 33. Nxc4 Rb7
34. Na5 Rb6 35. Ra7+ Ke6 36. Rb7 Ra6 37. Rb8 h5 38. Nc4 Kd5 39. Rb5+ Ke6 40.
Ra5 Rc6 41. b5 Rc8 42. b6 f5 43. Ra6 Rb8 44. Na5 Kd5 45. b4 f4 46. b7 fxg3 47.
fxg3 h4 48. Ra8 hxg3 49. hxg3 1-0

[Event "OPEN A - XVII MIEDZYNARODOWY FESTIWAL SZ"]
[Site "Rewal"]
[Date "2012.??.??"]
[Round "1.12"]
[White "Bes, Michal"]
[Black "Banasik, Krzysztof"]
[Result "1/2-1/2"]
[WhiteElo "1977"]
[BlackElo "2269"]
[PlyCount "53"]
[EventDate "2012.??.??"]

1. a3 e5 2. e4 Nf6 3. Nf3 Nxe4 4. d3 Nf6 5. Nxe5 Nc6 6. Nxc6 dxc6 7. Be2 Bf5 8.
Nc3 Qd7 9. Be3 Nd5 10. Nxd5 cxd5 11. d4 Bd6 12. Qd2 O-O 13. O-O Rfe8 14. Rfe1
Re7 15. Bd3 Rae8 16. Re2 f6 17. Rae1 Bxd3 18. Qxd3 Qg4 19. h3 Qh5 20. f3 Bg3
21. Bf2 Bxf2+ 22. Kxf2 Qh4+ 23. Kf1 Qxe1+ 24. Kxe1 Rxe2+ 25. Qxe2 Rxe2+ 26.
Kxe2 Kf7 27. Ke3 1/2-1/2

[Event "OPEN A - XVII MIEDZYNARODOWY FESTIWAL SZ"]
[Site "Rewal"]
[Date "2012.??.??"]
[Round "1.13"]
[White "Musialkiewicz, Jan"]
[Black "Koitka, Jakub"]
[Result "0-1"]
[WhiteElo "2231"]
[BlackElo "1973"]
[PlyCount "80"]
[EventDate "2012.??.??"]

1. e4 e5 2. Nf3 Nc6 3. Bb5 a6 4. Ba4 Nf6 5. O-O Be7 6. Bxc6 dxc6 7. d3 Bd6 8.
h3 O-O 9. Nbd2 b5 10. b3 a5 11. Bb2 Qe7 12. d4 Nd7 13. c4 Ba3 14. Bxa3 Qxa3 15.
Nxe5 Nxe5 16. dxe5 Be6 17. Qc2 a4 18. Rac1 b4 19. f4 axb3 20. axb3 Qa2 21. Qd1
Qb2 22. Rc2 Qd4+ 23. Kh1 Rfd8 24. Qc1 Qd3 25. f5 Bc8 26. Re1 Ra1 27. Nb1 Qg3
28. Rd1 Re8 29. Rcd2 h6 30. Rd8 Rxd8 31. Rxd8+ Kh7 32. Qc2 Qe1+ 33. Kh2 Rxb1
34. Rxc8 Qg1+ 35. Kg3 Rc1 36. Qd2 Rd1 37. Qe2 Re1 38. Qd2 Re3+ 39. Kg4 Rxe4+
40. Kf3 Rxe5 0-1

[Event "OPEN A - XVII MIEDZYNARODOWY FESTIWAL SZ"]
[Site "Rewal"]
[Date "2012.??.??"]
[Round "1.14"]
[White "Starczewska, Dominika"]
[Black "Budrewicz, Krzysztof"]
[Result "0-1"]
[WhiteElo "1971"]
[BlackElo "2211"]
[PlyCount "86"]
[EventDate "2012.??.??"]

1. e4 g6 2. d4 Bg7 3. f4 d5 4. e5 Nh6 5. Nf3 O-O 6. Be3 f6 7. c4 fxe5 8. dxe5
c6 9. Nc3 e6 10. Qd2 Na6 11. Be2 Bd7 12. O-O-O Qa5 13. Kb1 Rad8 14. Qc2 Ng4 15.
Qc1 Nxe3 16. Qxe3 b5 17. cxb5 cxb5 18. Bd3 Nb4 19. Nd4 Rc8 20. a3 Nxd3 21. Rxd3
Qb6 22. g3 a5 23. Ndxb5 Qxe3 24. Rxe3 g5 25. Rf1 gxf4 26. gxf4 Rc4 27. Nd6
Rcxf4 28. Rxf4 Rxf4 29. Nxd5 exd5 30. e6 Bc6 31. e7 Re4 32. Nxe4 dxe4 33. Ka2
Kf7 34. Rg3 a4 35. Rg4 Bf6 36. Kb1 Kxe7 37. Kc2 Bd5 38. h4 Ke6 39. Rf4 Ke5 40.
Rf1 h6 41. h5 Bb3+ 42. Kd2 Bg5+ 43. Kc3 e3 0-1

[Event "OPEN A - XVII MIEDZYNARODOWY FESTIWAL SZ"]
[Site "Rewal"]
[Date "2012.??.??"]
[Round "1.15"]
[White "Scibior, Adam"]
[Black "Adamowicz, Maciej"]
[Result "1-0"]
[WhiteElo "2202"]
[BlackElo "1969"]
[PlyCount "73"]
[EventDate "2012.??.??"]

1. Nf3 c5 2. c4 g6 3. d4 cxd4 4. Nxd4 Bg7 5. e4 Nf6 6. Nc3 Nc6 7. Be3 d6 8. Be2
O-O 9. O-O Nxd4 10. Bxd4 Bd7 11. Qd2 Bc6 12. f3 a5 13. Rac1 Nd7 14. Be3 Nc5 15.
Rfd1 Qb6 16. Bf1 Rfc8 17. Qf2 Qb4 18. Re1 a4 19. a3 Qa5 20. Nd5 Bxd5 21. exd5
Bf6 22. f4 Qc7 23. f5 Ra6 24. Rc2 Re8 25. g4 Rb6 26. g5 Be5 27. Rce2 f6 28.
fxg6 hxg6 29. Bh3 Rb3 30. Qh4 Rf8 31. Qh6 Rf7 32. Qxg6+ Kf8 33. Qh6+ Rg7 34.
Rg2 Rxb2 35. Rxb2 Bxb2 36. Kh1 fxg5 37. Bxc5 1-0

[Event "OPEN A - XVII MIEDZYNARODOWY FESTIWAL SZ"]
[Site "Rewal"]
[Date "2012.??.??"]
[Round "1.16"]
[White "Swiderski, Radoslaw"]
[Black "Klepaczka, Tomasz"]
[Result "0-1"]
[WhiteElo "1934"]
[BlackElo "2199"]
[PlyCount "80"]
[EventDate "2012.??.??"]

1. e4 c5 2. Nf3 e6 3. d4 cxd4 4. Nxd4 a6 5. Bd3 Bc5 6. Nb3 Be7 7. O-O d6 8. Nc3
Nd7 9. Be3 Qc7 10. Kh1 Ngf6 11. f4 b6 12. Qf3 Bb7 13. Qg3 g6 14. Rae1 h5 15. e5
h4 16. Qh3 dxe5 17. fxe5 Nxe5 18. Bd4 Nfd7 19. Be4 Bxe4 20. Rxe4 Rh5 21. Rfe1
Nc4 22. Qg4 Rg5 23. Qe2 h3 24. g3 Nd6 25. Rh4 Qb7+ 26. Kg1 Rh5 27. Rxh5 gxh5
28. Ne4 h4 29. Nbd2 Nf5 30. Bf2 hxg3 31. Bxg3 Nxg3 32. Nxg3 O-O-O 33. Qf3 Ne5
34. Qxb7+ Kxb7 35. Rxe5 Rxd2 36. Re2 Bc5+ 37. Kf1 Rd1+ 38. Re1 Rxe1+ 39. Kxe1
Bg1 40. Nf1 e5 0-1

[Event "OPEN A - XVII MIEDZYNARODOWY FESTIWAL SZ"]
[Site "Rewal"]
[Date "2012.??.??"]
[Round "1.17"]
[White "Sowul, Bartosz"]
[Black "Czajkowski, Adam"]
[Result "1-0"]
[WhiteElo "2196"]
[BlackElo "1911"]
[PlyCount "63"]
[EventDate "2012.??.??"]

1. d4 Nf6 2. c4 c5 3. d5 e5 4. Nc3 d6 5. e4 Nbd7 6. Bd3 Be7 7. Nge2 O-O 8. a3
Nh5 9. g4 Nhf6 10. Ng3 Ne8 11. Qd2 g6 12. h4 Ng7 13. h5 Nf6 14. f3 Kh8 15. Qh2
Rg8 16. hxg6 fxg6 17. Be3 a6 18. Qh6 Bf8 19. Bg5 Nge8 20. Qh4 Rg7 21. Bh6 Bd7
22. g5 Nh5 23. Nxh5 gxh5 24. Qxh5 Qe7 25. Bxg7+ Qxg7 26. O-O-O b5 27. Rd2 b4
28. axb4 cxb4 29. Nd1 Ra7 30. Rdh2 Ba4 31. b3 Bxb3 32. Qxe8 1-0

[Event "OPEN A - XVII MIEDZYNARODOWY FESTIWAL SZ"]
[Site "Rewal"]
[Date "2012.??.??"]
[Round "1.19"]
[White "Janus, Przemyslaw"]
[Black "Karwowski, Kacper"]
[Result "1/2-1/2"]
[WhiteElo "2149"]
[BlackElo "1864"]
[PlyCount "84"]
[EventDate "2012.??.??"]

1. d4 Nf6 2. c4 e6 3. Nc3 Bb4 4. e3 b6 5. Nge2 Ne4 6. Qc2 f5 7. a3 Bxc3+ 8.
Nxc3 Bb7 9. b3 O-O 10. Bb2 d6 11. O-O-O Nd7 12. f3 Nxc3 13. Bxc3 Qe7 14. Kb2 c5
15. Bd3 g6 16. Rhe1 e5 17. d5 Rae8 18. f4 Rf7 19. g3 Qf8 20. Ka2 exf4 21. exf4
Rxe1 22. Rxe1 Re7 23. Re6 Rxe6 24. dxe6 Nf6 25. Ba1 Qe7 26. Qb2 Kg7 27. h3 h5
28. Qe2 Kf8 29. Bb1 Bc8 30. Qb2 Kg7 31. g4 hxg4 32. hxg4 fxg4 33. Qc2 Qe8 34.
Qc3 Qxe6 35. Qd3 Qf7 36. Qxd6 Bf5 37. Qe5 Bxb1+ 38. Kxb1 g3 39. Qg5 Qe6 40.
Qxg3 Qe4+ 41. Ka2 Qe2+ 42. Bb2 Kf7 1/2-1/2

[Event "OPEN A - XVII MIEDZYNARODOWY FESTIWAL SZ"]
[Site "Rewal"]
[Date "2012.??.??"]
[Round "1.20"]
[White "Smal, Tobiasz"]
[Black "Musialkiewicz, Pawel"]
[Result "0-1"]
[WhiteElo "1843"]
[BlackElo "2145"]
[PlyCount "58"]
[EventDate "2012.??.??"]

1. d4 c5 2. d5 f5 3. c4 g6 4. Nc3 Nf6 5. g3 d6 6. Bg2 Bg7 7. Nf3 Na6 8. O-O O-O
9. Bg5 Nc7 10. Qc2 Rb8 11. a4 a6 12. Rab1 b5 13. b3 Qe8 14. Nd2 b4 15. Nd1 e5
16. e4 Nxe4 17. Nxe4 fxe4 18. Bxe4 Bh3 19. Bg2 Qd7 20. Bxh3 Qxh3 21. Be7 Rf5
22. Bxd6 Rc8 23. Bxc5 Rh5 24. f3 Nxd5 25. cxd5 Rxc5 26. Qe2 e4 27. fxe4 Bd4+
28. Kh1 Rc2 29. Qxc2 Qxf1# 0-1

[Event "OPEN A - XVII MIEDZYNARODOWY FESTIWAL SZ"]
[Site "Rewal"]
[Date "2012.??.??"]
[Round "1.21"]
[White "Solnicki, Michal"]
[Black "Malinowski, Damian"]
[Result "1-0"]
[WhiteElo "2141"]
[BlackElo "1827"]
[PlyCount "53"]
[EventDate "2012.??.??"]

1. e4 c6 2. d4 d5 3. exd5 cxd5 4. c4 Nf6 5. Nc3 Nc6 6. Bf4 e6 7. Nf3 Bb4 8. Qc2
O-O 9. Rd1 b6 10. h4 Bb7 11. Ng5 Qe7 12. Be5 Nxe5 13. dxe5 Ne4 14. f3 Nxg5 15.
hxg5 g6 16. f4 Rfd8 17. Qf2 Qc5 18. Qh4 Qe3+ 19. Be2 Bxc3+ 20. bxc3 Qxc3+ 21.
Kf1 Kf8 22. Qxh7 Ke7 23. Qg7 Rf8 24. Qf6+ Ke8 25. Rh3 Qc2 26. cxd5 Bxd5 27.
Rxd5 1-0

[Event "OPEN A - XVII MIEDZYNARODOWY FESTIWAL SZ"]
[Site "Rewal"]
[Date "2012.??.??"]
[Round "1.22"]
[White "Gabrys, Sebastian"]
[Black "Guzik, Jolanta"]
[Result "0-1"]
[WhiteElo "1790"]
[BlackElo "2139"]
[PlyCount "36"]
[EventDate "2012.??.??"]

1. e4 e5 2. Nf3 Nc6 3. Bc4 Nf6 4. Ng5 d5 5. exd5 Nd4 6. c3 b5 7. cxd4 bxc4 8.
dxe5 Qxd5 9. exf6 Qxg5 10. Qf3 Rb8 11. Qc6+ Kd8 12. Nc3 Bd6 13. d4 Qxf6 14.
Qxc4 Re8+ 15. Be3 Rxb2 16. O-O Bb7 17. Nd5 Qf5 18. Nc3 Rxe3 0-1

[Event "OPEN A - XVII MIEDZYNARODOWY FESTIWAL SZ"]
[Site "Rewal"]
[Date "2012.??.??"]
[Round "1.23"]
[White "Warakomska, Anna"]
[Black "Lewtak, Dominik"]
[Result "1/2-1/2"]
[WhiteElo "2136"]
[BlackElo "1776"]
[PlyCount "82"]
[EventDate "2012.??.??"]

1. e4 c5 2. Nf3 Nc6 3. d4 cxd4 4. Nxd4 d5 5. Bb5 dxe4 6. Nxc6 Qxd1+ 7. Kxd1 a6
8. Ba4 Bd7 9. Nc3 Bxc6 10. Bxc6+ bxc6 11. Nxe4 e5 12. Re1 Rd8+ 13. Ke2 f5 14.
Ng5 Bd6 15. Kf1 Rd7 16. b3 h6 17. Nf3 e4 18. Bb2 Kf7 19. Ne5+ Bxe5 20. Bxe5 Nf6
21. Rad1 Rhd8 22. Rxd7+ Rxd7 23. Ke2 g5 24. f3 Re7 25. Bxf6 exf3+ 26. Kf2 Rxe1
27. Kxe1 Kxf6 28. gxf3 Ke5 29. c3 Kf4 30. Kf2 g4 31. a4 Ke5 32. fxg4 fxg4 33.
Ke3 h5 34. b4 Kd5 35. Kd3 h4 36. c4+ Ke5 37. Ke3 g3 38. hxg3 hxg3 39. b5 cxb5
40. cxb5 axb5 41. axb5 Kd6 1/2-1/2

[Event "OPEN A - XVII MIEDZYNARODOWY FESTIWAL SZ"]
[Site "Rewal"]
[Date "2012.??.??"]
[Round "1.24"]
[White "Cyboran, Katarzyna"]
[Black "Zakrzewski, Marek"]
[Result "0-1"]
[WhiteElo "1773"]
[BlackElo "2121"]
[PlyCount "64"]
[EventDate "2012.??.??"]

1. e4 c5 2. Nf3 e6 3. d3 d5 4. Nbd2 Nc6 5. g3 Nf6 6. Bg2 Bd6 7. O-O O-O 8. Re1
Qc7 9. Qe2 Nd7 10. c3 b5 11. h4 b4 12. Nf1 a5 13. h5 dxe4 14. dxe4 bxc3 15.
bxc3 Ba6 16. Qe3 Nde5 17. Nxe5 Nxe5 18. h6 g6 19. f4 c4 20. Kh1 Bc5 21. Qd2
Rfd8 22. Qc2 Nd3 23. Re2 Rab8 24. Ne3 f5 25. exf5 exf5 26. Bd5+ Rxd5 27. Nxd5
Qc6 28. Rb1 Qxd5+ 29. Kh2 Rxb1 30. Qxb1 Bb7 31. Bd2 Qf3 32. Qd1 Qh5# 0-1

[Event "OPEN A - XVII MIEDZYNARODOWY FESTIWAL SZ"]
[Site "Rewal"]
[Date "2012.??.??"]
[Round "1.25"]
[White "Pietruszewski, Marcin"]
[Black "Gorol, Jacek"]
[Result "1-0"]
[WhiteElo "2121"]
[BlackElo "1757"]
[PlyCount "69"]
[EventDate "2012.??.??"]

1. e4 d6 2. d4 Nf6 3. Nc3 g6 4. f4 Bg7 5. Nf3 O-O 6. Bd3 Nc6 7. O-O e5 8. fxe5
dxe5 9. d5 Nb4 10. Be2 a5 11. Kh1 Nh5 12. Be3 b6 13. a3 Na6 14. Qd2 Nc5 15. b4
Nb7 16. Nb5 Nd6 17. Nxd6 Qxd6 18. c4 axb4 19. axb4 Rxa1 20. Rxa1 Bg4 21. c5 Qd8
22. cxb6 cxb6 23. Ra6 Bxf3 24. Bxf3 f5 25. exf5 Rxf5 26. d6 Rf8 27. Ra8 Qd7 28.
Bxb6 Nf6 29. Bc5 Rxa8 30. Bxa8 Qa4 31. Bf3 e4 32. Bxe4 Qa1+ 33. Bg1 Bh6 34.
Qxh6 Nxe4 35. Qf4 1-0

[Event "OPEN A - XVII MIEDZYNARODOWY FESTIWAL SZ"]
[Site "Rewal"]
[Date "2012.??.??"]
[Round "1.26"]
[White "Grabarczyk, Sylwester Piotr"]
[Black "Dowgird, Filip"]
[Result "0-1"]
[WhiteElo "1743"]
[BlackElo "2121"]
[PlyCount "84"]
[EventDate "2012.??.??"]

1. d4 Nf6 2. c4 d6 3. Nc3 Nbd7 4. Nf3 e5 5. e4 Be7 6. d5 O-O 7. Be2 Nc5 8. Qc2
a5 9. Be3 b6 10. h3 g6 11. g4 Ne8 12. O-O-O f5 13. gxf5 gxf5 14. Rdg1+ Kh8 15.
Bh6 Rf7 16. Rg2 Bf8 17. Bg5 Qd7 18. Nh4 Ng7 19. exf5 Be7 20. f6 Bxf6 21. Rhg1
Bxg5+ 22. Rxg5 Qxh3 23. Ng6+ Kg8 24. Rh5 Bf5 25. Ne7+ Rxe7 26. Rxf5 Kh8 27.
Rfg5 Rf8 28. Bf1 Qh4 29. R5g2 Qf4+ 30. Kb1 Qf5 31. Rh1 Qxc2+ 32. Kxc2 Nf5 33.
Kd2 Nd4 34. Be2 Rg7 35. Rgh2 Rf4 36. b3 Rgf7 37. Rf1 Rf3 38. Nb5 Ne4+ 39. Ke1
Nxe2 40. Kxe2 Ng3+ 41. fxg3 Rxf1 42. Nxc7 Ra1 0-1

[Event "OPEN A - XVII MIEDZYNARODOWY FESTIWAL SZ"]
[Site "Rewal"]
[Date "2012.??.??"]
[Round "2.1"]
[White "Klepaczka, Tomasz"]
[Black "Cyborowski, Lukasz"]
[Result "1-0"]
[WhiteElo "2199"]
[BlackElo "2546"]
[PlyCount "66"]
[EventDate "2012.??.??"]

1. e4 c5 2. Nf3 e6 3. d4 cxd4 4. Nxd4 a6 5. Nc3 b5 6. Be2 Bb7 7. Bf3 Qc7 8. O-O
Nc6 9. Re1 Ne5 10. Be2 b4 11. Na4 Bxe4 12. Bf4 d6 13. c3 Qb7 14. Bh5 Bd5 15. c4
Bxg2 16. Nxe6 Bh3 17. Qd5 Qxd5 18. Nc7+ Kd8 19. Nxd5 Nf6 20. Bxe5 dxe5 21. Rad1
Nxd5 22. Rxd5+ Ke7 23. Rdxe5+ Kf6 24. Nb6 g6 25. Nxa8 gxh5 26. R5e3 Be6 27. Nc7
Bc5 28. Rf3+ Ke7 29. Nxa6 Bd4 30. Nc7 Bxb2 31. Nxe6 fxe6 32. Rb1 Ba3 33. Rh3
Kf6 1-0

[Event "OPEN A - XVII MIEDZYNARODOWY FESTIWAL SZ"]
[Site "Rewal"]
[Date "2012.??.??"]
[Round "2.2"]
[White "Malaniuk, Vladimir P"]
[Black "Scibior, Adam"]
[Result "1-0"]
[WhiteElo "2523"]
[BlackElo "2202"]
[PlyCount "51"]
[EventDate "2012.??.??"]

1. d4 d5 2. c4 e6 3. Nc3 c6 4. Nf3 dxc4 5. a4 Bb4 6. e3 b5 7. Bd2 a5 8. axb5
Bxc3 9. Bxc3 cxb5 10. b3 Bb7 11. bxc4 b4 12. Bb2 Nf6 13. Bd3 O-O 14. O-O Nbd7
15. Nd2 Re8 16. Bc2 e5 17. Ba4 Re7 18. c5 Rc8 19. Nb3 exd4 20. Bxd4 Bd5 21.
Nxa5 Ne4 22. Bb3 Ndxc5 23. Bxc5 Rxc5 24. Nb7 Rxb7 25. Bxd5 Rd7 26. Bxe4 1-0

[Event "OPEN A - XVII MIEDZYNARODOWY FESTIWAL SZ"]
[Site "Rewal"]
[Date "2012.??.??"]
[Round "2.3"]
[White "Musialkiewicz, Pawel"]
[Black "Warakomski, Tomasz"]
[Result "1/2-1/2"]
[WhiteElo "2145"]
[BlackElo "2491"]
[PlyCount "49"]
[EventDate "2012.??.??"]

1. d4 Nf6 2. c4 e6 3. Nc3 Bb4 4. Qc2 O-O 5. a3 Bxc3+ 6. Qxc3 b5 7. cxb5 c6 8.
Bg5 cxb5 9. e3 Bb7 10. f3 a6 11. Bd3 Nc6 12. Ne2 Rc8 13. O-O h6 14. Bh4 Nd5 15.
Qe1 Qa5 16. b4 Qc7 17. Qd2 d6 18. e4 Nb6 19. f4 f5 20. d5 fxe4 21. dxc6 Qxc6
22. Nd4 Qd5 23. Bb1 e3 24. Qb2 Nc4 25. Qc2 1/2-1/2

[Event "OPEN A - XVII MIEDZYNARODOWY FESTIWAL SZ"]
[Site "Rewal"]
[Date "2012.??.??"]
[Round "2.4"]
[White "Kasparov, Sergey"]
[Black "Sowul, Bartosz"]
[Result "1-0"]
[WhiteElo "2490"]
[BlackElo "2196"]
[PlyCount "65"]
[EventDate "2012.??.??"]

1. Nf3 c5 2. c4 g6 3. d4 Bg7 4. e4 d6 5. Nc3 Bg4 6. d5 Nf6 7. Qa4+ Bd7 8. Qc2
Na6 9. a3 O-O 10. Bd3 e6 11. O-O e5 12. Bg5 h6 13. Bd2 Nh5 14. g3 Bh3 15. Rfe1
Qd7 16. Bf1 Bxf1 17. Rxf1 f5 18. exf5 gxf5 19. Nh4 Nc7 20. Rae1 a6 21. Na4 b5
22. Nb6 Qf7 23. Nxa8 Nxa8 24. b3 Nb6 25. f3 Qd7 26. Rc1 Rf6 27. Ba5 Nc8 28. b4
cxb4 29. cxb5 Rf8 30. Nxf5 axb5 31. Bxb4 Qa7+ 32. Rf2 Qxf2+ 33. Kxf2 1-0

[Event "OPEN A - XVII MIEDZYNARODOWY FESTIWAL SZ"]
[Site "Rewal"]
[Date "2012.??.??"]
[Round "2.5"]
[White "Guzik, Jolanta"]
[Black "Sieciechowicz, Marcin"]
[Result "1/2-1/2"]
[WhiteElo "2139"]
[BlackElo "2441"]
[PlyCount "44"]
[EventDate "2012.??.??"]

1. e4 c5 2. c4 Nc6 3. Nc3 g6 4. g3 Bg7 5. Bg2 e6 6. Nge2 d6 7. d3 Nge7 8. Be3
Nd4 9. Rb1 Nec6 10. a3 a5 11. f4 O-O 12. O-O Bd7 13. g4 Rb8 14. Qd2 b5 15. cxb5
Nxb5 16. Nxb5 Rxb5 17. Nc3 Rb3 18. e5 dxe5 19. Bxc5 Re8 20. Ne4 Qc7 21. Kh1 Rd8
22. Bd6 Qb6 1/2-1/2